<?xml version="1.0" encoding="UTF-8"?>
<collection xmlns="http://www.loc.gov/MARC21/slim">
 <record>
  <leader>01090pam a22002898a 4500</leader>
  <controlfield tag="001">00044295</controlfield>
  <controlfield tag="005">20190611130637.0</controlfield>
  <controlfield tag="008">110517s1980                  ||||||Viesd</controlfield>
  <datafield tag="020" ind1="#" ind2="#">
   <subfield code="a">9786045447451</subfield>
   <subfield code="c">75000</subfield>
  </datafield>
  <datafield tag="041" ind1="0" ind2="#">
   <subfield code="a">Vie</subfield>
  </datafield>
  <datafield tag="082" ind1="1" ind2="#">
   <subfield code="a">530.07</subfield>
   <subfield code="b">D112H</subfield>
  </datafield>
  <datafield tag="245" ind1="0" ind2="0">
   <subfield code="a">Dạy học phát triển năng lực môn Vật lí Trung học cơ sở</subfield>
   <subfield code="c">Đỗ Hương Trà (ch.b); Nguyễn Văn Biên .. [và những người khác]</subfield>
  </datafield>
  <datafield tag="260" ind1="#" ind2="#">
   <subfield code="a">Hà Nội</subfield>
   <subfield code="b">Đại học sư phạm</subfield>
   <subfield code="c">2018</subfield>
  </datafield>
  <datafield tag="300" ind1="#" ind2="#">
   <subfield code="a">184 tr.</subfield>
   <subfield code="c">24 cm.</subfield>
  </datafield>
  <datafield tag="653" ind1="#" ind2="#">
   <subfield code="a">Năng lực</subfield>
  </datafield>
  <datafield tag="653" ind1="#" ind2="#">
   <subfield code="a">Giáo dục</subfield>
  </datafield>
  <datafield tag="653" ind1="#" ind2="#">
   <subfield code="a">Phương pháp</subfield>
  </datafield>
  <datafield tag="653" ind1="#" ind2="#">
   <subfield code="a">Vật lí</subfield>
  </datafield>
  <datafield tag="653" ind1="#" ind2="#">
   <subfield code="a">Trung học cơ sở</subfield>
  </datafield>
  <datafield tag="700" ind1="1" ind2="#">
   <subfield code="a">Dương, Xuân Quý</subfield>
  </datafield>
  <datafield tag="700" ind1="1" ind2="#">
   <subfield code="a">Nguyễn, Văn Biên</subfield>
  </datafield>
  <datafield tag="700" ind1="1" ind2="#">
   <subfield code="a">Trần, Bá Trình</subfield>
  </datafield>
  <datafield tag="700" ind1="1" ind2="#">
   <subfield code="a">Tưởng, Duy Hải</subfield>
  </datafield>
  <datafield tag="700" ind1="1" ind2="#">
   <subfield code="a">Đỗ, Hương Trà</subfield>
   <subfield code="e">Chủ biên</subfield>
  </datafield>
  <datafield tag="852" ind1="#" ind2="#">
   <subfield code="j">KM.0029890</subfield>
   <subfield code="j">KM.0029896</subfield>
   <subfield code="j">KM.0029887</subfield>
   <subfield code="j">KD.0025974</subfield>
   <subfield code="j">KM.0029893</subfield>
  </datafield>
  <datafield tag="910" ind1="#" ind2="#">
   <subfield code="d">11/6/2019</subfield>
  </datafield>
  <datafield tag="980" ind1="#" ind2="#">
   <subfield code="a">Trung tâm Học liệu Lê Vũ Hùng, Trường Đại học Đồng Tháp</subfield>
  </datafield>
 </record>
</collection>
